X-ray physics and equipment. (Record no. 2327)
[ view plain ]
| 000 -LEADER | |
|---|---|
| fixed length control field | 00546nam a2200133Ia 4500 |
| 008 - FIXED-LENGTH DATA ELEMENTS--GENERAL INFORMATION | |
| fixed length control field | 180412s9999||||xx |||||||||||||| ||und|| |
| 040 ## - CATALOGING SOURCE | |
| Original cataloging agency | Ahmadu Bello University Library - Zaria |
| 100 ## - MAIN ENTRY--PERSONAL NAME | |
| Personal name | JAUNDRELL-THOMPSON, F. |
| 245 #0 - TITLE STATEMENT | |
| Title | X-ray physics and equipment. |
| Statement of responsibility, etc. | F. Jaundrell-Thompson, W. J. Ashworth. |
| 250 ## - EDITION STATEMENT | |
| Edition statement | \\ |
| -- | 2nd ed. |
| 260 ## - PUBLICATION, DISTRIBUTION, ETC. | |
| Place of publication, distribution, etc. | Oxford. |
| Name of publisher, distributor, etc. | Blackwell |
| Date of publication, distribution, etc. | 1970 |
| 300 ## - PHYSICAL DESCRIPTION | |
| Extent | xiii, 807p.: ill. |
| 600 ## - SUBJECT ADDED ENTRY--PERSONAL NAME | |
| Personal name | Apparatus, instruments, appliances.;Gamma rays.;Grenz rays.;Natural science;Radiology and Atomic Energy;Roentgen rays (X-rays).;X-rays. |
| 700 ## - ADDED ENTRY--PERSONAL NAME | |
| Personal name | ASHWORTH, W. J. |
No items available.